Library of the University of Algiers 3
Ibrahim Sultan Cheibout
شعار جامعة الجزائر 3
مكتبة جامعة الجزائر 3
إبراهيم سلطان شيبوط

الإقالة في عقد البيع / (رقم التسجيلة. 45486)

تفاصيل مارك
000 -LEADER
fixed length control field 01023nam a2200205Ia 4500
003 - CONTROL NUMBER IDENTIFIER
control field Ost
005 - DATE AND TIME OF LATEST TRANSACTION
control field 20260507075646.0
008 - FIXED-LENGTH DATA ELEMENTS--GENERAL INFORMATION
fixed length control field 260507s9999||||xx |||||||||||||| ||und||
040 ## - CATALOGING SOURCE
Transcribing agency fsecg
041 ## - LANGUAGE CODE
Language code of text/sound track or separate title ara
082 ## - DEWEY DECIMAL CLASSIFICATION NUMBER
Classification number 346.02
100 ## - MAIN ENTRY--PERSONAL NAME
Personal name الفقي، حامد عبده
Relator term مؤلف
245 #0 - TITLE STATEMENT
Title الإقالة في عقد البيع /
Statement of responsibility, etc. حامد عبده الفقي
260 ## - PUBLICATION, DISTRIBUTION, ETC.
Place of publication, distribution, etc. الإسكندرية:
Name of publisher, distributor, etc. دار الجامعة الجديدة,
Date of publication, distribution, etc. 2003
300 ## - PHYSICAL DESCRIPTION
Extent 143 صفحة؛
Other physical details إيضاحات ؛
Dimensions 24 سم
520 ## - SUMMARY, ETC.
Summary, etc. في تعريف الإقالة- حكم الإقالة ودليل مشروعيتها والحكمة منها وحكم مانعها- التكليف الفقهي للإقالة- نتائج إختلاف الفقهاء في تكييف الإقالة- أركان الإقالة- شروط صحة الإقالة- ملكية الإقالة- إختلاف المتقايلين وأثارها- مبطلات الإقالة.
653 ## - INDEX TERM--UNCONTROLLED
Uncontrolled term العقود
653 ## - INDEX TERM--UNCONTROLLED
Uncontrolled term عقد البيع
942 ## - ADDED ENTRY ELEMENTS (KOHA)
Koha item type كتب
المقتنيات
Withdrawn status Lost status Source of classification or shelving scheme Damaged status Not for loan Home library Current library Date acquired Serial enumeration / chronology Inventory number Total checkouts Full call number Barcode Date last seen Price effective from Koha item type
    Dewey Decimal Classification   NOT LOAN / إعارة داخلية مكتبة كلية العلوم الإقتصادية والعلوم التجارية وعلوم التسيير مكتبة كلية العلوم الإقتصادية والعلوم التجارية وعلوم التسيير 07/05/2026 الطابق الأرضي 1/1606   أ/1606ن1 1/1606 07/05/2026 07/05/2026 كتب

موارد الويب المفتوحة


© University of Algiers 3 All Rights Reserved
|
Implemented by LECHELAH Riad